000 00876nam a2200253Ia 4500
003 OSt
005 20220930090400.0
006 a|||||r|||| 00| 0
007 ta
008 220926b |||||||| |||| 00| 0 eng d
024 _a109384
037 _cTheses
040 _aCRL
_cCRL
_beng
041 _2eng
_aeng
100 _aChuimei Keishing
_9542385
110 _aUniversity of Delhi. Faculty of Medical Sciences. Department of Surgery
245 0 _aComparison of CT angiography, digital subtraction angiography and color doppler scanning in evaluation of aorto-iliac occlusive disease
_b Study of 20 cases
260 _c2010
650 _aSURGERY
700 _a Dr. Sudhir Rai Gu.
_9541438
700 _aUniversity of Delhi. Faculty of Medical Sciences. Department of Surgery
942 _cDIS
_2CC
999 _c880470
_d880470